[Event "Qatar Masters op"]
[Site "Doha"]
[Date "2014.11.27"]
[Round "2"]
[White "Moiseenko, Alexander"]
[Black "Wen, Yang"]
[Result "1-0"]
[WhiteElo "2701"]
[BlackElo "2586"]
[Annotator "Gormally,D"]
[PlyCount "81"]
[EventDate "2014.11.26"]
[EventType "swiss"]
[EventRounds "9"]
[EventCountry "QAT"]
[SourceTitle "CBM 164"]
[Source "ChessBase"]
[SourceDate "2015.01.15"]
[SourceVersion "1"]
[SourceVersionDate "2015.01.15"]
[SourceQuality "1"]

1. d4 Nf6 2. c4 g6 3. Nc3 Bg7 4. e4 d6 5. Bd3 O-O 6. Nge2 {Moiseenko has had
some success with this varation. Essentially these are less well explored
waters and by playing this way White avoids the vast reams of theory that have
built up around the main-line King's Indian.  The variation that is played in
the game in fact resembles more a Benoni than a King's Indian Defence.} c5 7.
d5 e6 8. Bg5 h6 9. Bh4 exd5 (9... g5 $5 {is a pretty reasonable alternative
for Black, this way he manages to corral the two bishops.} 10. Bg3 Nh5 11. Qd2
Na6 ({more conventional development with} 11... exd5 12. Nxd5 Nc6 {is also
fine for Black.} 13. Nec3 Be6 14. Rb1 Kh8 15. a3 Nd4 16. b4 b6 {when Black
should be absolutely fine}) 12. O-O Nc7 13. f4 Nxg3 14. Nxg3 gxf4 15. Qxf4 Ne8
16. Nh5 Bd4+ 17. Kh1 Qg5 $1 18. Qxg5+ $6 hxg5 {Gave Black good chances in the
ending in Zhou,W (2606)-Ding,L (2710) China 2014}) 10. Nxd5 ({Moiseenko has
had some success with} 10. exd5 {which tends to lead to even sharper positions
than in our main game.} Nbd7 11. f4 g5 $5 {This may look risky and probably is,
But Black needs to act relatively quickly. White has a clear plan of castling,
followed by moves like Ng3-e4 and build up an attack on the kingside.} 12. Bg3
Ng4 {trying to immediately exploit the hole on e3} (12... Nh5 {is also not
without risk- Black ran into difficulties in a recent game after} 13. O-O gxf4
14. Bxf4 Ne5 15. Qd2 {White has a simple plan - target the kingside weaknesses!
} Nxf4 16. Nxf4 Bd7 17. Rae1 Qh4 18. Ne4 Nxd3 $2 19. Nxd3 {And Black was
already in trouble in Parligras,M (2574)-Cheparinov,I (2681) Tromsoe 2014}) 13.
O-O $1 {White simply ignores the threat and gets on with his development.} Ne3
14. Qd2 Nxf1 15. Rxf1 gxf4 $6 {This gives White a clear route to the black
kingside.} ({The quieter} 15... Qe7 {maintaining the bridgehead on g5, seemed
more sensible.}) 16. Bxf4 Ne5 17. Bxh6 {And White already had a big initiative
in return for a small material investment in Moiseenko,A (2699)-Bacrot,E (2714)
Tromsoe 2013}) (10. cxd5 $5 {is also perfectly playable.} a6 11. a4 Nbd7 12.
O-O Ne5 13. f4 {with a position that is very typical of the modern Benoni in
Moiseenko,A (2632)-Gajewski,G (2575) Polanica Zdroj 2008}) 10... Nc6 11. O-O {
Moiseenko's attempt to improve on an earlier game.} (11. Nec3 {Maintains the
grip on d5 and was his choice in another game against Bacrot, but this didn't
seem to get White any great advantage;} Be6 12. O-O Bxd5 13. Nxd5 ({I'm
surprised that White didn't play the natural} 13. cxd5 Nd4 14. f4 {with good
attacking prospects on the kingside.}) 13... g5 14. Bg3 Nxd5 15. cxd5 Ne5 16.
Be2 Ng6 17. Bg4 Re8 18. Qc2 Bd4 19. Rab1 b5 {When Black had a good grip on the
dark squares on the kingside combined with active play on the queenside in
Moiseenko,A (2699)-Bacrot,E (2714) Tromsoe 2013}) 11... g5 12. Bg3 Nh5 $6 {
Black isn't really worse after this, but in my opinion he misses an
opportunity to equalise completely:} ({He can play more vigorously with} 12...
Nxd5 $1 13. cxd5 (13. exd5 Nb4 $1 14. Nc3 Nxd3 15. Qxd3 f5 16. f4 Qb6 17. Rae1
Bd7 18. Re2 Rae8 {and Black is absolutely fine of course}) 13... Ne5 14. Bc2
Nc4 $1 15. b3 Na3 {when Black is fighting for the initiative.}) 13. Qd2 Be6 14.
Rae1 Ne5 ({It was also possible to await developments with} 14... Kh8 $5 {
not committing the knight just yet. In some variations it can go to d4 for
example. Basically the game revolves around the break f4 for White - sooner or
later to make any progress he will have to play that move.}) 15. b3 Bxd5 16.
exd5 f5 17. f4 {finally White carries out this advance just when Black was
threatening to play ...f4 himself.} ({Interesting play would have resulted
from the seemingly counter-intuitive exchange} 17. Bxe5 $1 Bxe5 18. Qc2 Qf6 19.
g3 f4 {Black's position looks threatening but in reality it is all dressed up
with nowhere to go. It is very difficult for him to generate any serious play.
The bishop on e5 is effectively blunted while by contrast White should have
long-term attacking chances on the kingside due to the weak light squares in
the Black position.} 20. Bg6 $1 (20. g4 $5 Ng7 21. f3 {with the idea of Kg2,
Rh1 and prepare h4 was also interesting}) 20... Ng7 21. gxf4 Bxf4 22. Nxf4 Qxf4
23. Re4 Qf3 24. Rfe1 {And White has complete control over the position - the
bishop on g6 is doing an admirable job of preventing a rook from reaching e8.}
Nf5 25. Bxf5 Qxf5 26. R1e2 $14) 17... Nxd3 18. Qxd3 Qf6 19. fxg5 hxg5 20. h3 f4
21. Bh2 Qh6 22. Nc3 g4 {sharpening the play, but this is risky for both sides.}
({Objectively speaking it would have been safer to "hold the fort" with
something like} 22... Be5 23. Ne4 Rae8 24. Qf3 Nf6 {when Black should be ok.})
23. Re6 Qh8 24. Nb5 $1 {Moiseenko is up to the challenge! It takes fine
judgement to appreciate that White generates enough attacking chances to more
than compensate for the loss of a piece.  In fact White risks nothing here -
it is Black who needs to be accurate.} g3 25. Nxd6 gxh2+ ({Delaying the
capture of the piece with} 25... Qh7 $5 {was also possible.} 26. Qf3 Bd4+ 27.
Kh1 gxh2 28. Qg4+ Kh8 29. Kxh2 {where White has good attacking chances in
return for the piece.}) 26. Kxh2 Ng3 27. Rfe1 b6 28. Rg6 Qh4 $2 {Up to this
point Black has pretty much held his own in a very sharp game, but now he
cracks completely. From a human perspective it's very hard to play with the
queen on h8. The moment you play it to such an ugly looking square, the
natural instinct is to constantly look for ways to re-active it as soon as
possible.} ({The machine doesn't operate with such aesthetic prejudices and
recommends} 28... Rf6 $1 29. Rxf6 (29. Re7 {looks rather scary and may have
been the reason why Yang rejected this variation.} {However} Rxg6 30. Qxg6 Qh6
$1 31. Qf7+ Kh8 {and the knight on g3 does a good job of preventing any brutal
excursion by his counterpart to the f5 square.} 32. Ne8 Bd4 $1 {And the
drawing motif with Nf1-g3 can hardly be prevented}) 29... Bxf6 30. Re6 Rf8 31.
Ne8 (31. Qf3 Qh4 {and no way forward seems obvious for White}) 31... Bd4 32. d6
Qh7 $1 33. Qxh7+ Kxh7 34. d7 Nf1+ $11 {with a pretty draw by perpetual check-
this would have been a fitting conclusion to the game.}) 29. Rg4 $1 $18 Qh7 30.
Qxh7+ Kxh7 31. Re7 Nh5 32. Rg5 {White's threats are now overwhelming.} Kh6 33.
h4 Bd4 34. Nf5+ Rxf5 35. Rxf5 Nf6 36. Rxf4 Rg8 37. Kh3 Nh5 38. Re6+ Kh7 39.
Rf7+ Ng7 40. h5 Rh8 41. Rxa7 1-0

[Event "Qatar Masters op"]
[Site "Doha"]
[Date "2014.12.03"]
[Round "8"]
[White "Moiseenko, Alexander"]
[Black "Van Kampen, Robin"]
[Result "1-0"]
[WhiteElo "2701"]
[BlackElo "2612"]
[Annotator "Szabo,Kr"]
[PlyCount "77"]
[EventDate "2014.11.26"]
[EventType "swiss"]
[EventRounds "9"]
[EventCountry "QAT"]
[SourceTitle "EXT 2016"]
[Source "ChessBase"]
[SourceDate "2015.10.08"]
[SourceVersion "1"]
[SourceVersionDate "2015.10.08"]
[SourceQuality "1"]

1. d4 Nf6 2. c4 g6 3. Nc3 Bg7 4. e4 d6 5. Bd3 O-O 6. Nge2 {Moiseenko is a big
expert of this line.} Nc6 ({Last year Moiseenko won a nice game in} 6... c5 7.
d5 e6 8. Bg5 h6 9. Bh4 exd5 10. exd5 Nbd7 11. f4 g5 12. Bg3 Ng4 13. O-O $5 Ne3
14. Qd2 Nxf1 15. Rxf1 gxf4 16. Bxf4 Ne5 17. Bxh6 $44 {with a strong
compensation for the exchange, later White managaed to win, Moiseenko-Bacrot,
Tromso 2013.}) 7. O-O e5 (7... Nh5 {is the another main line.}) 8. d5 Nd4 9.
Nxd4 exd4 10. Ne2 Nd7 11. Rb1 c5 12. f4 Re8 13. Ng3 Qh4 14. Qf3 {White comes
to the kingside very quickly.} a6 15. Bd2 $146 {Novelty by Moiseenko.} (15. a4
Nf6 16. h3 a5 $5 (16... b6 $6 {(Gonda-Pantelic, Senta 2009)} 17. e5 $1 dxe5 18.
fxe5 Rxe5 19. b4 $1 $36 {and White has a great initiative for the P.})) 15...
Rb8 16. a4 {Otherwise Black can play ...b5.} b6 17. Rbe1 Rb7 18. h3 a5 {
Not a pretty move, but with Black it is not easy to find any plans.} 19. Re2
Ra7 {Black only hold his position.} 20. b3 {White can improve his position,
because Black can't do anything.} Nf8 $2 {A mistake, which allows White's
dangerous reply.} ({In case of} 20... Rb7 {White can continue his regroup with}
21. Rfe1 $36 {and he tries to play for e5.}) 21. e5 $1 {Moiseenko immediately
find the strong break-through in the centre.} dxe5 (21... Qd8 22. Rfe1 $16) 22.
f5 $1 {This is the point of White's previous move!} gxf5 {An ugly move, but
Black's position is already difficult.} (22... Qd8 {could have been met by} 23.
f6 Bh8 24. Ne4 Bf5 25. g4 Bxe4 26. Bxe4 Nd7 27. g5 $18 {followed by h4-h5, so
Black is hopeless.}) 23. Bxf5 $18 {White has development advantage and his
pieces are very active and powerful!} e4 {Black tries to complicate the
position, but it's already hopeless.} 24. Nxe4 (24. Bxe4 $1 $18 {was more
stronger.}) 24... Bxf5 25. Nf6+ $1 Qxf6 26. Rxe8 Bd7 27. Qxf6 Bxf6 28. Rxf8+
Kxf8 29. Rxf6 {The position simplified, Black looks survived, but he has many
weaknesses, White should be winning.} Rb7 30. Bh6+ Ke8 (30... Ke7 31. Bg5 Ke8
32. Kf2 $18 {is similar like the game.}) 31. Kf2 Bc8 32. Ke1 Bd7 33. Kd2 Bc8 {
Black simply can't play.} 34. Bg5 Bd7 35. g4 {White avoids ...Bf5, so he is
threatening to play Rh6.} Kf8 36. Rd6 f5 (36... Ke8 37. Rh6 $18) 37. Rf6+ Kg7
38. gxf5 h6 39. Rg6+ 1-0

[Event "EU-ch 18th"]
[Site "Minsk"]
[Date "2017.06.02"]
[Round "4"]
[White "Matlakov, Maxim"]
[Black "Ponkratov, Pavel"]
[Result "1-0"]
[WhiteElo "2714"]
[BlackElo "2590"]
[Annotator "Krasenkow,M"]
[PlyCount "61"]
[EventDate "2017.05.30"]
[EventType "swiss"]
[EventRounds "11"]
[EventCountry "BLR"]
[SourceTitle "CBM 179"]
[Source "ChessBase"]
[SourceDate "2017.07.12"]
[SourceVersion "1"]
[SourceVersionDate "2017.07.12"]
[SourceQuality "1"]

1. d4 Nf6 2. c4 c5 3. d5 g6 4. Nc3 Bg7 5. e4 O-O 6. Nf3 e6 7. e5 {An attempt
to exploit Black's delaying of ...d7-d6.} (7. Be2 exd5 ({or} 7... d6) 8. cxd5
Re8 9. Nd2 d6 {leads to a usual Modern Benoni position.}) 7... Ng4 (7... Ne8 {
yields White a pleasant plus:} 8. h4 (8. Bg5 $5 f6 9. exf6 Nxf6 10. Be2 d6 11.
O-O exd5 12. Nxd5 Nbd7 13. Qd3 Nb6 14. Ne3 $14 {0-1 (42) Wagner,D (2569)
-Adhiban,B (2627) Biel 2015}) 8... d6 9. h5 dxe5 10. hxg6 fxg6 11. Ng5 Nf6 12.
Be3 exd5 13. cxd5 $36 Ng4 $6 14. d6 h6 15. Qd5+ Kh8 16. Nf7+ Rxf7 17. Qxf7 $18
{0-1 (35) Wagner,D (2575)-Khairullin,I (2652) Berlin 2015}) 8. Ng5 $1 {A
well-known tactical trick.} (8. Bf4 {is not dangerous:} exd5 9. Qxd5 (9. cxd5
Nxe5 10. Nxe5 Re8) 9... Nc6 {[%cal Rc6e5]} 10. Be2 Re8 11. Qxc5 Ngxe5 12. Nxe5
{1-0 (50) Toth,B (2470)-Hartoch,R (2395) Biel 1979} Nxe5 13. O-O d6 14. Qa3 Be6
$132) 8... Nxe5 9. f4 {Black's knight is trapped but the complications are not
over.} h6 (9... exd5 10. fxe5 d4 11. Nd5 Nc6 12. Nf3 Nxe5 13. Nxe5 Qh4+ 14. g3
Qe4+ 15. Qe2 Qxh1 16. Nf3 $16 {[%csl Rh1] 1-0 (35) Kramnik,V (2760)-Grischuk,A
(2795) Sochi 2014}) (9... f6 {saves the knight but allows White to launch a
strong attack:} 10. Nxh7 $1 (10. Nge4 $143 Nf7 11. Nxc5 Qe7 12. Be3 f5 13. Qd2
Bxc3 14. Qxc3 exd5 15. O-O-O b6 16. Nb3 Bb7 $13 {1-0 (37) Postny,E (2642)
-Chatalbashev,B (2516) Leiden 2015}) 10... Kxh7 11. fxe5 d6 (11... exd5 12. h4
$1) 12. h4 $1 exd5 13. h5 Qe8 14. hxg6+ Kg8 15. Qxd5+ (15. Nxd5 Nc6 16. Qh5
Qxe5+ 17. Be3 {1/2 (17) Perez Rodriguez,L (2466)-Ostos,J (2310) Havana 2011})
15... Be6 16. Qxb7 Nd7 (16... Nc6 $2 17. Bh6 Qxg6 18. Bxg7 Qxg7 19. Qxc6) 17.
Nd5 $16) 10. fxe5 (10. Nh3 $5 {Black gets three pawns for the knight but White
keeps an edge since his pieces remain active, e.g.} exd5 11. fxe5 d4 12. Nd5
Nc6 13. Be2 d6 14. exd6 Bxh3 15. gxh3 Qh4+ 16. Kf1 Qxh3+ 17. Kg1 Rae8 18. Bf1
Qe6 19. Bf4 Ne5 20. h4 Qxd6 21. Rh3 $14) 10... hxg5 11. h4 $1 {[%mdl 128]
White must start an attack making use of his lead in development.} gxh4 (11...
exd5 $5 12. Bxg5 Qe8 13. Qxd5 Qxe5+ 14. Kd2 {although White keeps a strong
initiative for the sacrificed pawn.}) 12. Qg4 Bxe5 13. Ne4 $1 exd5 $6 (13...
Kg7 $5 14. Bg5 f5 15. Qxh4 Rh8 16. Bxd8 Rxh4 17. Rxh4 fxe4 {with good drawing
chances. After the text move White obtains a strong attack.}) 14. Bg5 f6 (14...
Qa5+ $2 15. Kd1 $1) 15. Qxh4 Kf7 16. cxd5 Ke8 (16... fxg5 17. Qh7+ Ke8 18.
Qxg6+ Rf7 19. Rh7 $40) 17. Qh7 (17. Bf4 $5) 17... Qe7 18. Qxg6+ Qf7 (18... Kd8
19. d6 $1 Qe8 (19... Bxd6 20. Bh6) (19... Qe6 20. Bc4 $1 Qxc4 $140 21. Bxf6+
Bxf6 22. Qxf6+ Rxf6 23. Rh8+) 20. Qh6 fxg5 21. Be2 $40 {[%cal Re2h5]}) 19. Qf5
$1 Bg3+ 20. Nxg3 fxg5 21. Qxf7+ Kxf7 22. O-O-O $16 {[%csl Rf7] /+- Despite the
exchange of queens, Black's king is in deep trouble. Such positions can hardly
be defended over the board. White wins without major problems.} d6 23. Ne4 Nd7
24. Nxd6+ Ke7 25. Ne4 b6 26. d6+ Kd8 27. Nxg5 Nf6 28. d7 Bxd7 29. Ne6+ Ke7 30.
Nxf8 Rxf8 31. Bc4 1-0

[Event "EU-ch 18th"]
[Site "Minsk"]
[Date "2017.06.08"]
[Round "9"]
[White "Fedoseev, Vladimir1"]
[Black "Saric, Ivan"]
[Result "1-0"]
[WhiteElo "2690"]
[BlackElo "2618"]
[Annotator "Sadorra,J"]
[PlyCount "65"]
[EventDate "2017.05.30"]
[EventType "swiss"]
[EventRounds "11"]
[EventCountry "BLR"]
[SourceTitle "CBM 179"]
[Source "ChessBase"]
[SourceDate "2017.07.12"]
[SourceVersion "1"]
[SourceVersionDate "2017.07.12"]
[SourceQuality "1"]

1. d4 Nf6 2. c4 g6 3. Nc3 Bg7 4. e4 d6 5. Bd3 {This is one of the more
positional setups against the KID. The specialists of the Bd3 system are GMs
Seirawan, Malakhov and Moiseenko.} O-O 6. Nge2 Nbd7 7. Bc2 a6 8. a4 e5 9. O-O
$5 $146 {Fedoseev wants to keep the central tension and welcomes a
transformation of the game into exd4 lines of the KID.} ({Everyone else here
fixed the centre with} 9. d5 a5 {which gives Black control of the dark squares
and a clear plan of action.} 10. h3 {for more details see Hazai's annotated
games in Megabase.} (10. Ng3)) 9... exd4 10. Nxd4 Ne5 (10... Nc5 {does not
make much sense as e4 is sufficiently protected, thanks to the white bishop on
c2.}) 11. b3 Nc6 12. Nde2 $1 {I like this principled move. Fedoseev not only
avoids tricks along the a1-h8 diagonal but keeps pieces on the board due to
his space advantage.} (12. Bg5 h6 13. Bh4 g5 14. Bg3 Bg4 $1 15. f3 (15. Qd2
Nxe4 {or}) (15. Qd3 Nb4 16. Qd2 Nh5 {with good play.}) 15... Nxd4 16. Qxd4 Nh5
{Black gains the bishop pair and a comfortable game.} 17. Qd3 Nxg3 18. hxg3 Bh5
$1 {[%cal Gh5g6,Gg7a1,Gg6c2,Gf7f5]}) 12... Nd7 13. Be3 Nb4 14. Qd2 {White
doesn't mind giving up the c2-bishop because Black's knight is more active
anyway.} Ne5 ({If Black plays the typical move} 14... a5 {White continues
normally with} 15. Rad1 b6 {[%cal Gd7c5]} 16. Nd5 Nxc2 (16... Nxd5 $2 17. cxd5
{[%csl Rc6,Rc7]} Ba6 18. Rfe1 Nc5 19. Nd4 Qd7 20. f3 $14) 17. Qxc2 Nc5 18. Bd4
Bd7 19. Bxg7 Kxg7 20. f3 $14 {sure Black is solid but it's once again much
better to play White due to his space advantage and better placed pieces.}) 15.
Rad1 Nxc2 {What else to do? Sadly for Saric, it's difficult to find a plan for
Black.} 16. Qxc2 b6 {preventing the c4-c5 pawn lever.} ({Opening up the game
right away doesn't work due to his badly placed pieces:} 16... f5 {[%csl Ra8,
Gc2,Gc3,Rc8,Gd1,Rd8,Ge2,Ge3,Rg8]} 17. c5 $1 $16) 17. Qd2 $16 {There is more
than one way or move order to improve White's position. The key is to
gradually move the pieces forward and towards the centre.} (17. Nd5 Bb7 18. Bd4
$16 {[%cal Gf2f4]}) 17... Bb7 18. Nd5 Qd7 19. Bd4 f5 $2 {this makes White's
task easier as it only creates more weaknesses.} ({Maybe it's better to go
"trench warfare" with} 19... f6 $5 20. f4 Nc6 21. Bc3 Rae8 22. f5 $1 {[%csl
Re6] if White doesn't go for this Black will simply wait and be like a rock!}
g5 {[%csl Gd4,Re6,Gf4][%cal Gc6d4,Gg5f4,Ge2d4,Ge2f4]} (22... Ne5 23. Nd4 $16)
23. h4 h6 $14 {While White is still better, there is no clear way for him to
break through, at least not yet.}) 20. f4 Ng4 (20... Nc6 21. Bxg7 Qxg7 22. exf5
gxf5 (22... Rxf5 23. Ng3 Rff8 24. f5 $40 {[%cal Gf5f6]}) 23. Rf3 $1 Kh8 24. Rg3
Qf7 25. Qc3+ $18) 21. h3 {is the simplest way to increase the advantage.} ({
Another way to do it but requiring more accuracy is} 21. Bxg7 Qxg7 22. Nd4 Rae8
23. exf5 gxf5 24. Rfe1 $1 {[%csl Re6,Re7,Rf5]} ({When I spent time solving
this position on a real board, I came up with:} 24. Rf3 Qf7 (24... Kh8 25. Rg3
{[%cal Rh2h3]}) ({But the engine points out the surprising defence} 24... c6 $1
25. Nc3 $4 (25. Ne3 Rxe3 26. Rxe3 Nxe3 27. Qxe3 c5 28. Nf3 Rf6 {and Black
holds.}) 25... c5) 25. h3 Nh6 26. Rg3+ Kh8 27. Qc3 $18) 24... Bc8 (24... c6 25.
Nxf5 $1 $18) 25. Qd3 $16) 21... Nh6 (21... Nf6 22. Bxf6 Bxf6 23. e5 $1 (23.
Nxf6+ Rxf6 24. e5 Re6 {isn't so clear.}) 23... Bd8 (23... Bg7 24. e6 $16) 24.
Nec3 $16 {[%cal Gf1e1,Ge5e6]}) 22. Bxg7 Qxg7 23. Qd4 $1 {[%csl Rc7]} ({Another
strong way to continue is using a small tactic} 23. e5 $1 dxe5 (23... Bxd5 24.
Qxd5+ Kh8 25. exd6 $18) 24. fxe5 {[%csl Rf6][%cal Rd2h6]} Qxe5 (24... Kh8 25.
Nef4) (24... Bxd5 25. Qxd5+ Kh8 26. Nf4 $16) 25. Qxh6 Qxe2 26. Rde1 $18 {
[%cal Ge1e7,Ge7h7]}) 23... Rae8 (23... Qxd4+ 24. Nxd4 Rf7 25. e5 $16 {[%csl
Rb7,Rh6] With an almost winning ending due to Black's bad pieces, weaknesses
and a strong passed e-pawn.}) ({I think the best defence from a practical
point of view is} 23... Bxd5 $5 {obliging White to make a decision.} 24. cxd5
$2 {is tempting but allows Black to obtain counterplay} (24. Qxd5+ Qf7 25. e5
Rae8 $14) (24. exd5 $1 Rae8 25. Qxg7+ Kxg7 26. Nd4 Kf6 27. Ne6 Rf7 28. Rfe1 $16
{White is clearly better but Black at least has chances to hang in there and
stay tough!}) 24... Rfe8 $132) 24. Qxg7+ Kxg7 25. Nxc7 $16 Re7 {Black decides
not to go into forcing play, but it also doesn't help as he's merely a pawn
down for nothing.} (25... Rxe4 26. Nc3 Re3 27. Rxd6 Rxc3 28. Ne6+ Kg8 29. Nxf8
Kxf8 30. Rxb6 Be4 31. Rd1 $18 {is also too much for Black to handle e.g.} Ke7
32. Rxa6 Rxb3 33. Ra7+ Ke6 34. Rdd7) 26. Nd4 $1 (26. Nd5 Bxd5 27. Rxd5 Rxe4 28.
Nc3 Re3 29. Rc1 Nf7 $16) 26... Kf7 27. Nd5 Rxe4 (27... Bxd5 28. exd5 $18) 28.
Nxb6 $18 {the rest consists of natural moves that exploit White's pawn
advantage on the queenside.} Re3 29. b4 Rfe8 30. c5 dxc5 31. bxc5 Kg8 32. c6
Bc8 33. Nd5 {A very well-controlled game by Vladimir Fedoseev, reminiscent of
the play of Tigran V. Petrosian!} 1-0